[Event "Petroupoli op 5th"]
[Site "Petroupoli"]
[Date "2012.09.22"]
[Round "5"]
[White "Koerant, Filipos"]
[Black "Stamoulis, Ilias"]
[Result "1/2-1/2"]
[WhiteElo "1984"]
[BlackElo "1779"]
[PlyCount "115"]
[EventDate "2012.09.08"]
[EventType "swiss"]
[EventRounds "7"]
[EventCountry "GRE"]
[SourceTitle "CBM 150 Extra"]
[Source "ChessBase"]
[SourceDate "2012.10.19"]
[SourceVersion "1"]
[SourceVersionDate "2012.10.19"]
[SourceQuality "1"]

1. g3 Nf6 2. Nf3 c5 3. Bg2 Nc6 4. c4 d5 5. 0-0 e5 6. cxd5 Nxd5 7. d3 Be7 8. Nc3 Nc7 9. Nd2 0-0 10. Nc4 f6 11. Qb3 Nd4 12. Qd1 Rb8 13. e3 Nc6 14. a3 Be6 15. e4 Qd7 16. Ne3 Rfd8 17. Ned5 Nd4 18. Be3 Bf8 19. Rc1 Bg4 20. f3 Nxd5 21. Nxd5 Be6 22. Bxd4 cxd4 23. f4 Bxd5 24. exd5 exf4 25. Rxf4 Rbc8 26. Rxc8 Rxc8 27. Rf2 f5 28. Rc2 Rxc2 29. Qxc2 Qe7 30. Qf2 Qe3 31. Qxe3 dxe3 32. Kf1 g5 33. Ke2 f4 34. gxf4 gxf4 35. d6 Bxd6 36. Bxb7 Kf7 37. Be4 h6 38. b4 Kf6 39. d4 Kg5 40. Kf3 Kh5 41. Bf5 Kg5 42. Bd3 Kh5 43. Bf1 Kg5 44. Be2 Kf5 45. Bd3+ Kg5 46. Bf1 Kf5 47. h3 Kg5 48. Bd3 Kh5 49. Bf1 Kg5 50. Bd3 Kh5 51. Bf5 Kg5 52. Bc8 Kh5 53. d5 Kg5 54. Ba6 Kf5 55. Be2 Ke5 56. b5 Bxa3 57. Bc4 Bd6 58. Be2 1/2-1/2

[Event "Attica-ch U18 11"]
[Site "Athens"]
[Date "2010.12.26"]
[Round "2.2"]
[White "Petroulas, Konstantinos"]
[Black "Stamoulis, Ilias"]
[Result "1/2-1/2"]
[WhiteElo "1473"]
[BlackElo "1768"]
[PlyCount "69"]
[EventDate "2010.12.23"]
[EventType "tourn"]
[EventRounds "7"]
[EventCountry "GRE"]
[SourceTitle "EXT 2024"]
[Source "ChessBase"]
[SourceDate "2023.10.10"]
[SourceVersion "1"]
[SourceVersionDate "2023.10.10"]
[SourceQuality "1"]

1. Nf3 c5 2. c4 Nf6 3. Nc3 g6 4. g3 Bg7 5. Bg2 0-0 6. 0-0 d5 7. cxd5 Nxd5 8. e4 Nb4 9. a3 Nd3 10. Qc2 e6 11. Ne1 Nxe1 12. Rxe1 Nc6 13. Ne2 b6 14. d3 Bb7 15. Bd2 Nd4 16. Nxd4 Bxd4 17. Bc3 Qd7 18. Rad1 Rfd8 19. e5 Bxg2 20. Kxg2 Qd5+ 21. Kg1 Rac8 22. Bxd4 Qxd4 23. Re4 Qd5 24. Qe2 Qb7 25. d4 cxd4 26. Rexd4 Rxd4 27. Rxd4 Rc1+ 28. Rd1 Rc5 29. Qe3 Qc7 30. f4 Rc2 31. Rd2 Rc1+ 32. Kf2 Rh1 33. Kf3 Qb7+ 34. Kg4 h5+ 35. Kh3 1/2-1/2